00000000nam##2200000za#4500
0019.519483
003CaOODSP
00520200327031557
007ta
008150406|1992||||xxc|||||     f|0| 0 fre|d
020 |a0-660-57072-6
022 |a0706-148X
040 |aCaOODSP|bfre
041 |aeng
041 |afre
043 |an-cn---
0861 |aS52-2/208-1992
1101 |aCanada.|bSecrétariat d'État du Canada. |bBureau de la traduction.
24510|aVocabulaire de la statistique et des enquêtes / |cpar Yves Thériault et al.
260 |aOttawa - Ontario : |bSecrétariat d'État du Canada. |c1992.
300 |a555p. : |c22 cm.
4901 |aBulletin de terminologie|x0706-148X|v208
504 |aBibliographie.
5203 |aBulletin de terminologie 208. Par Yves Thériault avec la collaboration d'Estelle Beauregard et de Michel Charuest. Ce vocabulaire se limite aux seuls domaines de la statistique et des enquêtes et comprend environ 4 300 entrées, dont 730 s'accompagnent de définitions. Les termes qui s'y trouvent proviennent de dictionnaires unilingues, bilingues ou multilingues et de publications de Statistique Canada. Certaines notions, en particulier celles rattachées au vocabulaire des enquêtes, sont propres à Statistique Canada, et les termes qui les désignent ont été retenus parce qu'ils y sont d'usage courant.
546 |aBilingue
563 |aCouverture souple
590 |a92-17|b1992-04-24
69107|aStatistiques|2gcpds
69107|aTerminologie|2gcpds
7201 |aThériault, Yves
7760#|tElectronics and telecommunications vocabulary |w(CaOODSP)9.590507
791 |tStatistics and surveys vocabulary / |eeng|w(CaOODSP)9.519482
830#0|aBulletin de terminologie,|x0706-148X|v208|w(CaOODSP)9.509599